00643 2200241 4500001002100000005001500021035002000036245007300056100001600129250000600145300003500151700001800186260004700204082001300251084001900264020002200283650001100305990001700316990001700333990001700350990001700367990001700384INLIS00000000000005220180810010557 a0010-08180000161 aAyo, Bangun Untuk Sholat subuh /cDewi Astuti; Editor, Maman Rohiman0 aDewi Astuti a- aiv, 44 hlm. :bilus. ;c21 cm.0 aMaman Rohiman aBandung :bPT Imperial Bhakti Utama,c2009 a297.3822 a297.3822 DEW a a978-602-8318-24-2 aShalat a00213/P/2018 a00214/P/2018 a00215/P/2018 a00216/P/2018 a00217/P/2018